00491nam a2200133 a 450000500170000000800410001702000180005805000180007610000200009424500730011426000340018799900190022195201170024020140412111419.0070906s19uu xx 00 eng d a971-508-208-4 aBBbBa17 2003 aCanon, Kristine aBakit matagal ang sundo ko? :bWhy is mommy late? /cKristine Canon. aPhilippines :bAdarna,c2003. c105969d105969 001040aELbELcBBd2007-09-06eLib. Fundg200.00l0oBB Ba17 2003pE11034r2014-04-12 00:00:00w2014-04-12yBK